<?xml version="1.0" encoding="UTF-8"?>
<marc:record xmlns:marc="http://www.loc.gov/MARC21/slim">
   <marc:leader>00000nam a2200000 a 4500</marc:leader>
   <marc:datafield ind1="1" ind2=" " tag="100">
      <marc:subfield code="a">Cialdini, Robert B.</marc:subfield>
      <marc:subfield code="4">aut</marc:subfield>
      <marc:subfield code="e">Verfasser/-in</marc:subfield>
   </marc:datafield>
   <marc:datafield ind1="1" ind2=" " tag="100">
      <marc:subfield code="a">Cialdini, Robert B.</marc:subfield>
   </marc:datafield>
   <marc:datafield ind1=" " ind2=" " tag="653">
      <marc:subfield code="a">Überzeugung</marc:subfield>
   </marc:datafield>
   <marc:datafield ind1=" " ind2=" " tag="653">
      <marc:subfield code="a">Beeinflussung</marc:subfield>
   </marc:datafield>
   <marc:datafield ind1=" " ind2=" " tag="653">
      <marc:subfield code="a">Softcover / Sachbücher/Angewandte Psychologie</marc:subfield>
   </marc:datafield>
   <marc:datafield ind1=" " ind2=" " tag="653">
      <marc:subfield code="a">Einführung</marc:subfield>
   </marc:datafield>
   <marc:datafield ind1="0" ind2="0" tag="245">
      <marc:subfield code="a">Die Psychologie des Überzeugens</marc:subfield>
   </marc:datafield>
   <marc:datafield ind1="0" ind2="0" tag="245">
      <marc:subfield code="b">ein Lehrbuch für alle, die ihren Mitmenschen und sich selbst auf die Schliche kommen wollen</marc:subfield>
   </marc:datafield>
   <marc:datafield ind1="0" ind2="0" tag="245">
      <marc:subfield code="c">Robert B. Cialdini. Übers. von Matthias Wengenroth</marc:subfield>
   </marc:datafield>
   <marc:datafield ind1=" " ind2="1" tag="264">
      <marc:subfield code="a">Bern</marc:subfield>
      <marc:subfield code="b">Huber</marc:subfield>
      <marc:subfield code="c">2010</marc:subfield>
   </marc:datafield>
   <marc:datafield ind1=" " ind2=" " tag="250">
      <marc:subfield code="a">6., vollst. überarb. und erg. Aufl.</marc:subfield>
   </marc:datafield>
   <marc:datafield ind1="1" ind2=" " tag="520">
      <marc:subfield code="a">Angaben aus der Verlagsmeldung

Die Psychologie des Überzeugens : Ein Lehrbuch für alle, die ihren Mitmenschen und sich selbst auf die Schliche kommen wollen / von Robert B Cialdini

Welche Faktoren bringen uns dazu, das zu tun, was andere von uns wollen? Und welche Techniken machen von diesen Faktoren am wirksamsten Gebrauch? In seinem Bestseller «Die Psychologie des Überzeugens» beschäftigt sich Robert B. Cialdini – der zunächst in den Bereichen Verkauf, Fundraising und Werbung praktische Erfahrungen sammelte und heute Professor für Sozialpsychologie ist – mit Theorie und Praxis des Überzeugens.

Frühere Ausgaben des Buches wurden für ihre gute Lesbarkeit, ihre praktischen Anregungen sowie ihre wissenschaftliche Genauigkeit hoch gelobt und haben eine große Leserschaft unter Wirtschaftsfachleuten, Fundraising-Spezialisten und Menschen mit Interesse an Psychologie gefunden.

Die vorliegende Neuausgabe enthält:
- doppelt so viele Berichte von Leserinnen und Lesern über deren persönliche Erfahrungen mit den im Buch beschriebenen Prinzipien
- neue Beispiele aus den Bereichen Populärkultur und neue Technologien sowie
- mehr darüber, wie Gesetzmäßigkeiten der Beeinflussung in unterschiedlichen Kulturen zum Ausdruck kommen.
</marc:subfield>
   </marc:datafield>
   <marc:datafield ind1=" " ind2=" " tag="020">
      <marc:subfield code="a">9783456848341</marc:subfield>
      <marc:subfield code="9">9783456848341</marc:subfield>
   </marc:datafield>
   <marc:datafield ind1=" " ind2=" " tag="041">
      <marc:subfield code="a">ger</marc:subfield>
   </marc:datafield>
   <marc:datafield ind1=" " ind2=" " tag="300">
      <marc:subfield code="a">371 S.</marc:subfield>
   </marc:datafield>
</marc:record>
